JHCSC Library Logo Welcome to JHCSC LibraryWhere Every Page Begins a New Adventure.    Vision: A leading public higher education institution serving the ASEAN community through quality, innovative, and culture-sensitive programs.    Mission: To provide relevant and responsive programs in Agriculture, Education, and other fields aligned with its vision. It undertakes applied research, extension, and production services that yield practical and lasting solutions to sector-specific challenges, improving the socio-economic well-being of identified communities.

Introduction to Computer Concepts (Record no. 11316)

MARC details
000 -LEADER
fixed length control field 00488nam a22001577a 4500
005 - DATE AND TIME OF LATEST TRANSACTION
control field 20260204072910.0
008 - FIXED-LENGTH DATA ELEMENTS--GENERAL INFORMATION
fixed length control field 260204b |||||||| |||| 00| 0 eng d
020 ## - INTERNATIONAL STANDARD BOOK NUMBER
International Standard Book Number 971084768
040 ## - CATALOGING SOURCE
Original cataloging agency JHCSC
Transcribing agency JHCSC Canuto M.S. Enerio Campus
082 ## - DEWEY DECIMAL CLASSIFICATION NUMBER
Classification number 001.64
100 ## - MAIN ENTRY--PERSONAL NAME
9 (RLIN) 10110
Personal name Juny Pilapel La Putt
Titles and words associated with a name BSCE
-- AGP
-- MS DIRECTOR
Relator term Author
245 ## - TITLE STATEMENT
Title Introduction to Computer Concepts
260 ## - PUBLICATION, DISTRIBUTION, ETC.
Place of publication, distribution, etc. Mandaluyong City
Name of publisher, distributor, etc. National Book Store
Date of publication, distribution, etc. 1984
300 ## - PHYSICAL DESCRIPTION
Extent x, 307 pages
Other physical details fig.
942 ## - ADDED ENTRY ELEMENTS (KOHA)
Source of classification or shelving scheme Dewey Decimal Classification
Koha item type Book
Holdings
Withdrawn status Lost status Source of classification or shelving scheme Damaged status Not for loan Collection code Home library Current library Shelving location Date acquired Full call number Barcode Date last seen Price effective from Koha item type
    Dewey Decimal Classification     Information Technology JHCSC - Canuto MS Enero Campus Library JHCSC - Canuto MS Enero Campus Library Circulation 11/15/2016 001.64L1112007 2016558 02/04/2026 02/04/2026 Book
    Dewey Decimal Classification     Information Technology JHCSC - Canuto MS Enero Campus Library JHCSC - Canuto MS Enero Campus Library Circulation 11/14/2016 001.64L1112007 2016559 02/04/2026 02/04/2026 Book
© J.H. Cerilles State College | All Rights Reserved
Designed by Terhevic L. Bation & Gerald Biad, Library IT Staff